Rathore practice papers for IBPS probationary officers prelim cum main recruitment examination 2015 / (Record no. 101367)

MARC details
000 -LEADER
fixed length control field 00688nam a22001937a 4500
005 - DATE AND TIME OF LATEST TRANSACTION
control field 20160722111421.0
010 ## - LCCN (DPL NO)
LC control number ENG-115492
020 ## - INTERNATIONAL STANDARD BOOK NUMBER
International Standard Book Number 9789385493164
Terms of availability 285.00
035 ## - SYSTEM CONTROL NUMBER
System control number EN-99024
037 ## - SOURCE OF ACQUISITION
Source of stock number/acquisition DBAD/PUB
082 ## - DEWEY DECIMAL CLASSIFICATION NUMBER
Classification number 000
245 ## - TITLE STATEMENT
Title Rathore practice papers for IBPS probationary officers prelim cum main recruitment examination 2015 /
Statement of responsibility, etc edited by Kunwar Ishwar Singh Rathore
250 ## - EDITION STATEMENT
Edition statement ed. 2016
260 ## - PUBLICATION, DISTRIBUTION, ETC. (IMPRINT)
Place of publication, distribution, etc Delhi
Name of publisher, distributor, etc Rathore Publishers & Distributors
Date of publication, distribution, etc 2015
270 ## - ADDRESS
Address 202,2nd Floor, 4832/24,Ansari Road, Daryaganj
City Delhi
Postal code 110002
Telephone number 01145795251
300 ## - PHYSICAL DESCRIPTION
Extent 459p.
Dimensions 24cm(pbk)
700 ## - ADDED ENTRY--PERSONAL NAME
Dates associated with a name Kunwar Ishwar Singh Rathore
942 ## - ADDED ENTRY ELEMENTS (KOHA)
Source of classification or shelving scheme Dewey Decimal Classification
Item type English Books
Classification part 000
Call number suffix RAT
Holdings
Withdrawn status Lost status Not for loan Collection code Home library Current library Date acquired Source of acquisition Cost, normal purchase price Full call number Barcode Copy number Cost, replacement price Koha item type
    Not For Loan Reference D.B.Act.Division Bawana 19/07/2016 DBAD/PUB 285.00 000 RAT EN-99024 1 285.00 English Books

© Delhi Public Library
Hit Counter
free hit counter